<?xml version="1.0" encoding="UTF-8"?>
<record
    xmlns:xsi="http://www.w3.org/2001/XMLSchema-instance"
    xsi:schemaLocation="http://www.loc.gov/MARC21/slim http://www.loc.gov/standards/marcxml/schema/MARC21slim.xsd"
    xmlns="http://www.loc.gov/MARC21/slim">

  <leader>05957namaa22004451i 4500</leader>
  <controlfield tag="003">EG-GICUC</controlfield>
  <controlfield tag="005">20260412113514.0</controlfield>
  <controlfield tag="008">260328s2025    ua a|||frm||| 000 0 eng d</controlfield>
  <datafield tag="040" ind1=" " ind2=" ">
    <subfield code="a">EG-GICUC</subfield>
    <subfield code="b">eng</subfield>
    <subfield code="c">EG-GICUC</subfield>
    <subfield code="d">EG-GICUC</subfield>
    <subfield code="e">rda</subfield>
  </datafield>
  <datafield tag="041" ind1="0" ind2=" ">
    <subfield code="a">eng</subfield>
    <subfield code="b">eng</subfield>
    <subfield code="b">ara</subfield>
  </datafield>
  <datafield tag="049" ind1=" " ind2=" ">
    <subfield code="a">Deposit</subfield>
  </datafield>
  <datafield tag="082" ind1="0" ind2="4">
    <subfield code="a">615.82</subfield>
  </datafield>
  <datafield tag="092" ind1=" " ind2=" ">
    <subfield code="a">615.82</subfield>
    <subfield code="2">21</subfield>
  </datafield>
  <datafield tag="097" ind1=" " ind2=" ">
    <subfield code="a">M.Sc</subfield>
  </datafield>
  <datafield tag="099" ind1=" " ind2=" ">
    <subfield code="a">Cai01.21.07.M.Sc.2025.Ha.M</subfield>
  </datafield>
  <datafield tag="100" ind1="0" ind2=" ">
    <subfield code="a">Hagar Mohammed Hashem El garahy,</subfield>
    <subfield code="e">preparation.</subfield>
  </datafield>
  <datafield tag="245" ind1="1" ind2="0">
    <subfield code="a">Microporous tape and post- surgical scars /</subfield>
    <subfield code="c">by Hagar Mohammed Hashem El garahy ; Supervisors Prof. Dr. Mohamed Mahmoud Khalaf, Prof Dr. Shadi Awny Hasan, Prof Dr. Karim Ibrahim Saafan.</subfield>
  </datafield>
  <datafield tag="246" ind1="1" ind2="5">
    <subfield code="a">&#x644;&#x627;&#x635;&#x642; &#x645;&#x64A;&#x643;&#x631;&#x648;&#x628;&#x649; &#x627;&#x644;&#x645;&#x633;&#x627;&#x645; &#x648;&#x646;&#x62F;&#x628;&#x627;&#x62A; &#x645;&#x627;&#x628;&#x639;&#x62F; &#x627;&#x644;&#x639;&#x645;&#x644;&#x64A;&#x627;&#x62A; &#x627;&#x644;&#x62C;&#x631;&#x627;&#x62D;&#x64A;&#x629;</subfield>
  </datafield>
  <datafield tag="264" ind1=" " ind2="0">
    <subfield code="c">2025.</subfield>
  </datafield>
  <datafield tag="300" ind1=" " ind2=" ">
    <subfield code="a">72 pages : </subfield>
    <subfield code="b">illustrations ;</subfield>
    <subfield code="c">25 cm. + </subfield>
    <subfield code="e">CD.</subfield>
  </datafield>
  <datafield tag="336" ind1=" " ind2=" ">
    <subfield code="a">text</subfield>
    <subfield code="2">rda content</subfield>
  </datafield>
  <datafield tag="337" ind1=" " ind2=" ">
    <subfield code="a">Unmediated</subfield>
    <subfield code="2">rdamedia</subfield>
  </datafield>
  <datafield tag="338" ind1=" " ind2=" ">
    <subfield code="a">volume</subfield>
    <subfield code="2">rdacarrier</subfield>
  </datafield>
  <datafield tag="502" ind1=" " ind2=" ">
    <subfield code="a">Thesis (M.Sc)-Cairo University, 2025.</subfield>
  </datafield>
  <datafield tag="504" ind1=" " ind2=" ">
    <subfield code="a">Bibliography: pages 58-69.</subfield>
  </datafield>
  <datafield tag="520" ind1=" " ind2="3">
    <subfield code="a">Background: Scar tissue develops during the healing process after trauma 
or surgery, when fibrous tissue replaces the normal skin. Patients may 
experience discontent due to abnormal scars, particularly after undergoing 
cosmetic surgery.  Consequently, Taping has been suggested as a method to 
reduce scar tension. Purpose: The aim of this study was to determine the 
effect of microporous taping on post-surgical hypertrophic scars. Subjects 
and Methods: Forty-Four patients (19 males and 25 females) with post-
surgical hypertrophic scars were selected from Aga Hospital and randomly 
distributed into two equal groups. Their ages varied from 20 to 45 years. 
Group A (Microporous tape group) received Microporous tape in addition to 
traditional physiotherapy (deep friction massage and stretching exercises). 
Group B (Control group) received traditional physiotherapy (deep friction 
massage and stretching exercises). The treatment was administrated for eight 
weeks. Outcome measures: They were assessed with Vancouver Scar scale 
and A Schiotz tonometer for scar characteristics. Assessments were 
performed at baseline and after eight weeks of the treatment. Results: The 
results from this study revealed that the addition of Microporous tape to 
conventional physiotherapy significantly improved scar outcomes, as 
evidenced by the significant reductions in the Vancouver Scar Scale Scores 
and improvements in scar pliability. Conclusions: Microporous tape 
approves to be an effective modality for improving scar characteristics in 
postsurgical patients. </subfield>
  </datafield>
  <datafield tag="520" ind1=" " ind2="3">
    <subfield code="a">&#x627;&#x644;&#x62E;&#x644;&#x641;&#x64A;&#x629;: &#x62A;&#x62A;&#x634;&#x643;&#x644; &#x627;&#x644;&#x623;&#x646;&#x633;&#x62C;&#x629; &#x627;&#x644;&#x646;&#x62F;&#x628;&#x64A;&#x629; &#x62E;&#x644;&#x627;&#x644; &#x639;&#x645;&#x644;&#x64A;&#x629; &#x627;&#x644;&#x634;&#x641;&#x627;&#x621; &#x628;&#x639;&#x62F; &#x627;&#x644;&#x625;&#x635;&#x627;&#x628;&#x629; &#x623;&#x648; &#x627;&#x644;&#x62C;&#x631;&#x627;&#x62D;&#x629;&#x60C; &#x639;&#x646;&#x62F;&#x645;&#x627; &#x64A;&#x62D;&#x644; &#x627;&#x644;&#x646;&#x633;&#x64A;&#x62C; &#x627;&#x644;&#x644;&#x64A;&#x641;&#x64A; &#x645;&#x62D;&#x644; &#x627;&#x644;&#x62C;&#x644;&#x62F; &#x627;&#x644;&#x637;&#x628;&#x64A;&#x639;&#x64A;. &#x642;&#x62F; &#x64A;&#x639;&#x627;&#x646;&#x64A; &#x627;&#x644;&#x645;&#x631;&#x636;&#x649; &#x645;&#x646; &#x639;&#x62F;&#x645; &#x627;&#x644;&#x631;&#x636;&#x627; &#x628;&#x633;&#x628;&#x628; &#x627;&#x644;&#x646;&#x62F;&#x628;&#x627;&#x62A; &#x63A;&#x64A;&#x631; &#x627;&#x644;&#x637;&#x628;&#x64A;&#x639;&#x64A;&#x629;&#x60C; &#x62E;&#x627;&#x635;&#x629; &#x628;&#x639;&#x62F; &#x627;&#x644;&#x62E;&#x636;&#x648;&#x639; &#x644;&#x62C;&#x631;&#x627;&#x62D;&#x629; &#x62A;&#x62C;&#x645;&#x64A;&#x644;&#x64A;&#x629;. &#x648;&#x646;&#x62A;&#x64A;&#x62C;&#x629; &#x644;&#x630;&#x644;&#x643;&#x60C; &#x62A;&#x645; &#x627;&#x642;&#x62A;&#x631;&#x627;&#x62D; &#x627;&#x633;&#x62A;&#x62E;&#x62F;&#x627;&#x645; &#x627;&#x644;&#x634;&#x631;&#x64A;&#x637; &#x627;&#x644;&#x644;&#x627;&#x635;&#x642; &#x643;&#x637;&#x631;&#x64A;&#x642;&#x629; &#x644;&#x62A;&#x642;&#x644;&#x64A;&#x644; &#x634;&#x62F; &#x627;&#x644;&#x646;&#x62F;&#x628;&#x629;. &#x627;&#x644;&#x647;&#x62F;&#x641;: &#x647;&#x62F;&#x641;&#x62A; &#x647;&#x630;&#x647; &#x627;&#x644;&#x62F;&#x631;&#x627;&#x633;&#x629; &#x625;&#x644;&#x649; &#x62A;&#x62D;&#x62F;&#x64A;&#x62F; &#x62A;&#x623;&#x62B;&#x64A;&#x631; &#x627;&#x644;&#x634;&#x631;&#x64A;&#x637; &#x627;&#x644;&#x644;&#x627;&#x635;&#x642; &#x630;&#x64A; &#x627;&#x644;&#x645;&#x633;&#x627;&#x645; &#x627;&#x644;&#x62F;&#x642;&#x64A;&#x642;&#x629; &#x639;&#x644;&#x649; &#x627;&#x644;&#x646;&#x62F;&#x628;&#x627;&#x62A; &#x627;&#x644;&#x636;&#x62E;&#x627;&#x645;&#x64A;&#x629; &#x628;&#x639;&#x62F; &#x627;&#x644;&#x62C;&#x631;&#x627;&#x62D;&#x629;. &#x627;&#x644;&#x645;&#x631;&#x636;&#x649; &#x648;&#x627;&#x644;&#x623;&#x633;&#x627;&#x644;&#x64A;&#x628;: &#x62A;&#x645; &#x200B;&#x200B;&#x627;&#x62E;&#x62A;&#x64A;&#x627;&#x631; &#x623;&#x631;&#x628;&#x639;&#x629; &#x648;&#x623;&#x631;&#x628;&#x639;&#x64A;&#x646; &#x645;&#x631;&#x64A;&#x636;&#x64B;&#x627; (19 &#x630;&#x643;&#x631;&#x64B;&#x627; &#x648;25 &#x623;&#x646;&#x62B;&#x649;) &#x64A;&#x639;&#x627;&#x646;&#x648;&#x646; &#x645;&#x646; &#x646;&#x62F;&#x628;&#x627;&#x62A; &#x636;&#x62E;&#x627;&#x645;&#x64A;&#x629; &#x628;&#x639;&#x62F; &#x627;&#x644;&#x62C;&#x631;&#x627;&#x62D;&#x629; &#x645;&#x646; &#x645;&#x633;&#x62A;&#x634;&#x641;&#x649; &#x622;&#x63A;&#x627;&#x60C; &#x648;&#x62A;&#x645; &#x62A;&#x648;&#x632;&#x64A;&#x639;&#x647;&#x645; &#x639;&#x634;&#x648;&#x627;&#x626;&#x64A;&#x64B;&#x627; &#x625;&#x644;&#x649; &#x645;&#x62C;&#x645;&#x648;&#x639;&#x62A;&#x64A;&#x646; &#x645;&#x62A;&#x633;&#x627;&#x648;&#x64A;&#x62A;&#x64A;&#x646;. &#x62A;&#x631;&#x627;&#x648;&#x62D;&#x62A; &#x623;&#x639;&#x645;&#x627;&#x631;&#x647;&#x645; &#x628;&#x64A;&#x646; 20 &#x648;45 &#x639;&#x627;&#x645;&#x64B;&#x627;. &#x62A;&#x644;&#x642;&#x62A; &#x627;&#x644;&#x645;&#x62C;&#x645;&#x648;&#x639;&#x629; &#x623; (&#x645;&#x62C;&#x645;&#x648;&#x639;&#x629; &#x627;&#x644;&#x634;&#x631;&#x64A;&#x637; &#x627;&#x644;&#x644;&#x627;&#x635;&#x642; &#x630;&#x64A; &#x627;&#x644;&#x645;&#x633;&#x627;&#x645; &#x627;&#x644;&#x62F;&#x642;&#x64A;&#x642;&#x629;) &#x634;&#x631;&#x64A;&#x637;&#x64B;&#x627; &#x644;&#x627;&#x635;&#x642;&#x64B;&#x627; &#x630;&#x64A; &#x645;&#x633;&#x627;&#x645; &#x62F;&#x642;&#x64A;&#x642;&#x629; &#x628;&#x627;&#x644;&#x625;&#x636;&#x627;&#x641;&#x629; &#x625;&#x644;&#x649; &#x627;&#x644;&#x639;&#x644;&#x627;&#x62C; &#x627;&#x644;&#x637;&#x628;&#x64A;&#x639;&#x64A; &#x627;&#x644;&#x62A;&#x642;&#x644;&#x64A;&#x62F;&#x64A; (&#x627;&#x644;&#x62A;&#x62F;&#x644;&#x64A;&#x643; &#x627;&#x644;&#x639;&#x645;&#x64A;&#x642; &#x648;&#x62A;&#x645;&#x627;&#x631;&#x64A;&#x646; &#x627;&#x644;&#x62A;&#x645;&#x62F;&#x62F;). &#x62A;&#x644;&#x642;&#x62A; &#x627;&#x644;&#x645;&#x62C;&#x645;&#x648;&#x639;&#x629; &#x628; (&#x627;&#x644;&#x645;&#x62C;&#x645;&#x648;&#x639;&#x629; &#x627;&#x644;&#x636;&#x627;&#x628;&#x637;&#x629;) &#x639;&#x644;&#x627;&#x62C;&#x64B;&#x627; &#x637;&#x628;&#x64A;&#x639;&#x64A;&#x64B;&#x627; &#x62A;&#x642;&#x644;&#x64A;&#x62F;&#x64A;&#x64B;&#x627; (&#x62A;&#x62F;&#x644;&#x64A;&#x643; &#x639;&#x645;&#x64A;&#x642; &#x628;&#x627;&#x644;&#x627;&#x62D;&#x62A;&#x643;&#x627;&#x643; &#x648;&#x62A;&#x645;&#x627;&#x631;&#x64A;&#x646; &#x62A;&#x645;&#x62F;&#x62F;). &#x627;&#x633;&#x62A;&#x645;&#x631; &#x627;&#x644;&#x639;&#x644;&#x627;&#x62C; &#x644;&#x645;&#x62F;&#x629; &#x62B;&#x645;&#x627;&#x646;&#x64A;&#x629; &#x623;&#x633;&#x627;&#x628;&#x64A;&#x639;. &#x645;&#x642;&#x627;&#x64A;&#x64A;&#x633; &#x627;&#x644;&#x646;&#x62A;&#x627;&#x626;&#x62C;: &#x62A;&#x645; &#x62A;&#x642;&#x64A;&#x64A;&#x645;&#x647;&#x627; &#x628;&#x627;&#x633;&#x62A;&#x62E;&#x62F;&#x627;&#x645; &#x645;&#x642;&#x64A;&#x627;&#x633; &#x641;&#x627;&#x646;&#x643;&#x648;&#x641;&#x631; &#x644;&#x644;&#x646;&#x62F;&#x628;&#x627;&#x62A; &#x648;&#x645;&#x642;&#x64A;&#x627;&#x633; &#x62A;&#x648;&#x62A;&#x631; &#x627;&#x644;&#x62C;&#x644;&#x62F; &#x634;&#x64A;&#x648;&#x62A;&#x632; &#x644;&#x62E;&#x635;&#x627;&#x626;&#x635; &#x627;&#x644;&#x646;&#x62F;&#x628;&#x627;&#x62A;. &#x623;&#x64F;&#x62C;&#x631;&#x64A;&#x62A; &#x627;&#x644;&#x62A;&#x642;&#x64A;&#x64A;&#x645;&#x627;&#x62A; &#x639;&#x646;&#x62F; &#x62E;&#x637; &#x627;&#x644;&#x623;&#x633;&#x627;&#x633; &#x648;&#x628;&#x639;&#x62F; &#x62B;&#x645;&#x627;&#x646;&#x64A;&#x629; &#x623;&#x633;&#x627;&#x628;&#x64A;&#x639; &#x645;&#x646; &#x627;&#x644;&#x639;&#x644;&#x627;&#x62C;. &#x627;&#x644;&#x646;&#x62A;&#x627;&#x626;&#x62C;: &#x643;&#x634;&#x641;&#x62A; &#x646;&#x62A;&#x627;&#x626;&#x62C; &#x647;&#x630;&#x647; &#x627;&#x644;&#x62F;&#x631;&#x627;&#x633;&#x629; &#x623;&#x646; &#x625;&#x636;&#x627;&#x641;&#x629; &#x627;&#x644;&#x634;&#x631;&#x64A;&#x637; &#x627;&#x644;&#x645;&#x64A;&#x643;&#x631;&#x648;&#x628;&#x648;&#x631;&#x648;&#x633;&#x64A; &#x625;&#x644;&#x649; &#x627;&#x644;&#x639;&#x644;&#x627;&#x62C; &#x627;&#x644;&#x637;&#x628;&#x64A;&#x639;&#x64A; &#x627;&#x644;&#x62A;&#x642;&#x644;&#x64A;&#x62F;&#x64A; &#x62D;&#x633;&#x651;&#x646;&#x62A; &#x628;&#x634;&#x643;&#x644; &#x645;&#x644;&#x62D;&#x648;&#x638; &#x646;&#x62A;&#x627;&#x626;&#x62C; &#x627;&#x644;&#x646;&#x62F;&#x628;&#x627;&#x62A;&#x60C; &#x643;&#x645;&#x627; &#x64A;&#x62A;&#x636;&#x62D; &#x645;&#x646; &#x627;&#x644;&#x627;&#x646;&#x62E;&#x641;&#x627;&#x636;&#x627;&#x62A; &#x627;&#x644;&#x643;&#x628;&#x64A;&#x631;&#x629; &#x641;&#x64A; &#x62F;&#x631;&#x62C;&#x627;&#x62A; &#x645;&#x642;&#x64A;&#x627;&#x633; &#x641;&#x627;&#x646;&#x643;&#x648;&#x641;&#x631; &#x644;&#x644;&#x646;&#x62F;&#x628;&#x627;&#x62A; &#x648;&#x627;&#x644;&#x62A;&#x62D;&#x633;&#x646; &#x641;&#x64A; &#x645;&#x631;&#x648;&#x646;&#x629; &#x627;&#x644;&#x646;&#x62F;&#x628;&#x627;&#x62A;. &#x627;&#x644;&#x627;&#x633;&#x62A;&#x646;&#x62A;&#x627;&#x62C;&#x627;&#x62A;: &#x64A;&#x64F;&#x639;&#x62F; &#x627;&#x644;&#x634;&#x631;&#x64A;&#x637; &#x627;&#x644;&#x645;&#x64A;&#x643;&#x631;&#x648;&#x628;&#x648;&#x631;&#x648;&#x633;&#x64A; &#x648;&#x633;&#x64A;&#x644;&#x629; &#x641;&#x639;&#x627;&#x644;&#x629; &#x644;&#x62A;&#x62D;&#x633;&#x64A;&#x646; &#x62E;&#x635;&#x627;&#x626;&#x635; &#x627;&#x644;&#x646;&#x62F;&#x628;&#x627;&#x62A; &#x644;&#x62F;&#x649; &#x627;&#x644;&#x645;&#x631;&#x636;&#x649; &#x628;&#x639;&#x62F; &#x627;&#x644;&#x639;&#x645;&#x644;&#x64A;&#x627;&#x62A; &#x627;&#x644;&#x62C;&#x631;&#x627;&#x62D;&#x64A;&#x629;.</subfield>
  </datafield>
  <datafield tag="530" ind1=" " ind2=" ">
    <subfield code="a">Issues also as CD.</subfield>
  </datafield>
  <datafield tag="546" ind1=" " ind2=" ">
    <subfield code="a">Text in English and abstract in Arabic &amp; English.</subfield>
  </datafield>
  <datafield tag="650" ind1=" " ind2="0">
    <subfield code="a">Physical Therapy</subfield>
  </datafield>
  <datafield tag="650" ind1=" " ind2="0">
    <subfield code="a">&#x627;&#x644;&#x639;&#x644;&#x627;&#x62C; &#x627;&#x644;&#x637;&#x628;&#x64A;&#x639;&#x649; </subfield>
  </datafield>
  <datafield tag="653" ind1=" " ind2="1">
    <subfield code="a">Microporous tape</subfield>
    <subfield code="a">Post-Surgical hypertrophic scar </subfield>
    <subfield code="a">Schiotz  tonometer</subfield>
    <subfield code="a">Vancouver Scar Scale</subfield>
    <subfield code="a">&#x644;&#x627;&#x635;&#x642; &#x645;&#x64A;&#x643;&#x631;&#x648;&#x628;&#x649; &#x627;&#x644;&#x645;&#x633;&#x627;&#x645;</subfield>
    <subfield code="a">&#x645;&#x642;&#x64A;&#x627;&#x633; &#x641;&#x627;&#x646;&#x643;&#x648;&#x641;&#x631; &#x627;&#x644;&#x645;&#x639;&#x640;&#x62F;&#x644; &#x644;&#x644;&#x646;&#x640;&#x62F;&#x628;&#x627;&#x62A;</subfield>
  </datafield>
  <datafield tag="700" ind1="0" ind2=" ">
    <subfield code="a">Mohamed Mahmoud Khalaf</subfield>
    <subfield code="e">thesis advisor.</subfield>
  </datafield>
  <datafield tag="700" ind1="0" ind2=" ">
    <subfield code="a">Shadi Awny Hasan</subfield>
    <subfield code="e">thesis advisor.</subfield>
  </datafield>
  <datafield tag="700" ind1="0" ind2=" ">
    <subfield code="a">Karim Ibrahim Saafan</subfield>
    <subfield code="e">thesis advisor.</subfield>
  </datafield>
  <datafield tag="900" ind1=" " ind2=" ">
    <subfield code="b">01-01-2025</subfield>
    <subfield code="c">Mohamed Mahmoud Khalaf </subfield>
    <subfield code="c">Shadi Awny Hasan</subfield>
    <subfield code="c">Karim Ibrahim Saafan</subfield>
    <subfield code="U">Cairo University</subfield>
    <subfield code="F">Faculty of Physical Therapy </subfield>
    <subfield code="D">Department of Physical Therapy for Surgery</subfield>
  </datafield>
  <datafield tag="905" ind1=" " ind2=" ">
    <subfield code="a">Shimaa</subfield>
    <subfield code="e">Eman Ghareb</subfield>
  </datafield>
  <datafield tag="942" ind1=" " ind2=" ">
    <subfield code="2">ddc</subfield>
    <subfield code="c">TH</subfield>
    <subfield code="e">21</subfield>
    <subfield code="n">0</subfield>
  </datafield>
  <datafield tag="999" ind1=" " ind2=" ">
    <subfield code="c">179073</subfield>
  </datafield>
  <datafield tag="952" ind1=" " ind2=" ">
    <subfield code="2">ddc</subfield>
    <subfield code="9">315792</subfield>
    <subfield code="a">CUCL</subfield>
    <subfield code="b">cl210</subfield>
    <subfield code="d">2026-03-28</subfield>
    <subfield code="i">93603</subfield>
    <subfield code="o">Cai01.21.07.M.Sc.2025.Ha.M</subfield>
    <subfield code="p">01010110093603000</subfield>
    <subfield code="r">2026-03-28 23:10:12</subfield>
    <subfield code="w">2026-03-28</subfield>
    <subfield code="y">TH</subfield>
  </datafield>
</record>
